Liverpool or Manchester United - Statistics

General Stats
  • This quiz has been taken 250 times
  • The average score is 11 of 15
Answer Stats
Question Answer % Correct
Peter Schmeichel Manchester United
100%
Mohammed Salah Liverpool
98%
Edwin Van der Sar Manchester United
98%
Ian Rush Liverpool
94%
Peter Crouch Liverpool
92%
Donny Van de Beek Manchester United
92%
Tahith Chong Manchester United
87%
Michael Owen Both
85%
Craig Bellamy Liverpool
83%
Andriy Voronin Liverpool
79%
Ryan Babel Liverpool
79%
Scott Wootton Manchester United
58%
Paul Ince Both
55%
Peter Beardsley Both
30%
Phil Chisnall Both
13%
No matching quizzes found
Score Distribution
Percent of People with Each Score
Percentile by Number Answered
Your Score History
You have not taken this quiz